[Event "Skakligaen"]
[Site "Danmark"]
[Date "2018.10.28"]
[Round "2.7"]
[White "Andersen, Ib Hother"]
[Black "Skousen, Nikolai"]
[Result "0-1"]
[WhiteElo "2155"]
[BlackElo "2224"]
[EventDate "2018.10.27"]
[EventType "team-tourn"]
[EventRounds "9"]
[EventCountry "Danmark"]
[WhiteTeam "Hillerod"]
[BlackTeam "Bronshoj"]
[WhiteTeamCountry "DEN"]
[BlackTeamCountry "DEN"]
[WhiteFideId "1407210"]
[BlackFideId "1401432"]

1. e4 c5 2. Nf3 g6 3. d4 cxd4 4. Nxd4 Nc6 5. c4 Nf6 6. Nc3 d6 7. Be2 Nxd4 8. Qxd4 Bg7 9. Be3 O-O 10. Qd2 a5 11. O-O a4 12. b4 axb3 13. axb3 Rxa1 14. Rxa1 Nxe4  0-1

[Event "Skakligaen"]
[Site "Danmark"]
[Date "2018.10.28"]
[Round "2.8"]
[White "Vasli, Aref"]
[Black "Erlandsen, Carsten"]
[Result "1-0"]
[WhiteElo "2357"]
[BlackElo "2045"]
[EventDate "2018.10.27"]
[EventType "team-tourn"]
[EventRounds "9"]
[EventCountry "Danmark"]
[WhiteTeam "Bronshoj"]
[BlackTeam "Hillerod"]
[WhiteTeamCountry "DEN"]
[BlackTeamCountry "DEN"]
[WhiteFideId "417521"]
[BlackFideId "1402536"]

1. e4 c5 2. Nf3 d6 3. d4 cxd4 4. Nxd4 Nf6 5. Nc3 a6 6. h3 e5 7. Nde2 h5 8. Bg5 Nbd7 9. Nd5 b5 10. Nec3 Bb7 11. a3 Nb6 12. Bxf6 gxf6 13. Nxb6 Qxb6 14. Nd5 Bxd5 15. Qxd5 Rc8 16. c3 Rc5 17. Qd3 Qc6 18. Be2 f5 19. exf5 Qxg2 20. Bf3 Qg5 21. Bd5 Qf4 22. Rg1 Bh6 23. Rd1 Ke7 24. Be4 d5 25. Bf3 Rd8 26. Bxh5 Rc4 27. Kf1 d4 28. Rg4 Qh2 29. f6+  1-0

[Event "Skakligaen"]
[Site "Danmark"]
[Date "2018.10.28"]
[Round "2.1"]
[White "Glud, Jakob Vang"]
[Black "Hector, Jonny"]
[Result "1-0"]
[WhiteElo "2551"]
[BlackElo "2468"]
[EventDate "2018.10.27"]
[EventType "team-tourn"]
[EventRounds "9"]
[EventCountry "Danmark"]
[WhiteTeam "Aarhus/Skolerne"]
[BlackTeam "Nordkalotten"]
[WhiteTeamCountry "DEN"]
[BlackTeamCountry "DEN"]
[WhiteFideId "1407767"]
[BlackFideId "1700090"]

1. c4 e5 2. g3 Nf6 3. Bg2 c6 4. Nf3 e4 5. Nd4 d5 6. d3 Bb4+ 7. Bd2 Bc5 8. Bc3 e3 9. f3 dxc4 10. dxc4 a5 11. Qd3 O-O 12. Nb3 Bb6 13. Qxd8 Rxd8 14. Na3 a4 15. Nc1 Bf5 16. Nd3 Bxd3 17. exd3 Rxd3 18. Ke2 Rd8 19. Rhd1 Na6 20. Nc2 Bc5 21. b4 Be7 22. a3 b5 23. f4 Rac8 24. Rxd8+ Bxd8 25. Nxe3 bxc4 26. Rd1 Nb8 27. Bh3  1-0

[Event "Skakligaen"]
[Site "Danmark"]
[Date "2018.10.28"]
[Round "2.2"]
[White "Jepson, Christian"]
[Black "Hagen, Andreas Skytte"]
[Result "1-0"]
[WhiteElo "2391"]
[BlackElo "2367"]
[EventDate "2018.10.27"]
[EventType "team-tourn"]
[EventRounds "9"]
[EventCountry "Danmark"]
[WhiteTeam "Nordkalotten"]
[BlackTeam "Aarhus/Skolerne"]
[WhiteTeamCountry "DEN"]
[BlackTeamCountry "DEN"]
[WhiteFideId "1701185"]
[BlackFideId "1407341"]

1. d4 Nf6 2. c4 g6 3. Nc3 Bg7 4. e4 d6 5. Be2 O-O 6. Nf3 e5 7. d5 a5 8. Bg5 h6 9. Bh4 Na6 10. Nd2 Qe8 11. a3 Bd7 12. b3 Nh7 13. O-O h5 14. f3 Bh6 15. Rb1 Be3+ 16. Kh1 Bc5 17. Qc1 c6 18. Bf2 Bxf2 19. Rxf2 Qb8 20. b4 Qa7 21. Rf1 axb4 22. axb4 Nf6 23. c5 dxc5 24. bxc5 Nxc5 25. Nc4 cxd5 26. Nb6 d4 27. Nxa8 Rxa8 28. Nb5 Bxb5 29. Rxb5 b6 30. Bc4 Kg7 31. Qg5 Qc7 32. Rfb1 Ncxe4 33. fxe4 Qxc4 34. Rxb6 Nd7 35. Rb7 Qc6 36. h3 Qxe4 37. Kh2 Nf6 38. R1b6 Nd5 39. Re6 Qf4+ 40. Qxf4 Nxf4 41. Rxe5 Ra2 42. Ree7 Nxg2 43. Rxf7+ Kh6 44. Kg3 Ne3 45. h4 Nf5+ 46. Kf4 Rf2+ 47. Ke5 Re2+ 48. Kf6  1-0

[Event "Skakligaen"]
[Site "Danmark"]
[Date "2018.10.28"]
[Round "2.3"]
[White "Skytte, Rasmus"]
[Black "Kristensen, Kaare Hove"]
[Result "1/2-1/2"]
[WhiteElo "2372"]
[BlackElo "2254"]
[EventDate "2018.10.27"]
[EventType "team-tourn"]
[EventRounds "9"]
[EventCountry "Danmark"]
[WhiteTeam "Aarhus/Skolerne"]
[BlackTeam "Nordkalotten"]
[WhiteTeamCountry "DEN"]
[BlackTeamCountry "DEN"]
[WhiteFideId "1404210"]
[BlackFideId "1400940"]

1. d4 d5 2. c4 e6 3. Nf3 Nf6 4. Nc3 Be7 5. Bf4 O-O 6. e3 b6 7. Rc1 Bb7 8. cxd5 Nxd5 9. Nxd5 Qxd5 10. Bc4 Qa5+ 11. Nd2 c5 12. O-O b5 13. Bd3 c4 14. Bb1 Nc6 15. Ne4 Nb4 16. Qd2 Qb6 17. Nc5 Bxc5 18. dxc5 Qxc5 19. Qd6 Qc6 20. e4 a5 21. Rfd1 Qxd6 22. Rxd6 Nd3  1/2-1/2

[Event "Skakligaen"]
[Site "Danmark"]
[Date "2018.10.28"]
[Round "2.4"]
[White "Sylvan, Jacob"]
[Black "Sorensen, Jan"]
[Result "1/2-1/2"]
[WhiteElo "2330"]
[BlackElo "2393"]
[EventDate "2018.10.27"]
[EventType "team-tourn"]
[EventRounds "9"]
[EventCountry "Danmark"]
[WhiteTeam "Nordkalotten"]
[BlackTeam "Aarhus/Skolerne"]
[WhiteTeamCountry "DEN"]
[BlackTeamCountry "DEN"]
[WhiteFideId "1402137"]
[BlackFideId "1400150"]

1. e4 e6 2. d4 d5 3. Nc3 Bb4 4. e5 Ne7 5. a3 Bxc3+ 6. bxc3 c5 7. Qg4 Qc7 8. Bd3 cxd4 9. Ne2 dxc3 10. Qxg7 Rg8 11. Qxh7 Qxe5 12. h4 Nd7 13. Bf4 Qf6 14. Bg5 Qh8 15. Qxh8 Rxh8 16. Nxc3 a6 17. O-O-O f6 18. Be3 Ne5 19. Be2 Nf5 20. Bb6 Bd7 21. g4 Nxh4 22. f4 Nc6 23. f5 Kf7 24. fxe6+ Bxe6 25. Nxd5 Ne5 26. Rhf1 Bxd5 27. Rxd5 Ke6 28. Rfd1 Rac8 29. Rd6+ Ke7 30. Ba5 Rc6 31. Rxc6 Nxc6 32. Bc3 Ne5 33. g5 Nhg6 34. gxf6+ Kxf6 35. Rd6+ Kf5 36. a4 Nf4 37. Bf1 Rc8 38. Bxe5 Kxe5 39. Rd7 b5 40. axb5 axb5 41. Bxb5 Rc5 42. Bf1 Rd5 43. Rh7 Kd6 44. Rf7 Rd4 45. c3 Nd3+ 46. Kc2 Rf4 47. Rxf4  1/2-1/2

[Event "Skakligaen"]
[Site "Danmark"]
[Date "2018.10.28"]
[Round "2.5"]
[White "Vinter Schou, Uffe"]
[Black "Hove, Esben Kjems"]
[Result "1/2-1/2"]
[WhiteElo "2357"]
[BlackElo "2315"]
[EventDate "2018.10.27"]
[EventType "team-tourn"]
[EventRounds "9"]
[EventCountry "Danmark"]
[WhiteTeam "Aarhus/Skolerne"]
[BlackTeam "Nordkalotten"]
[WhiteTeamCountry "DEN"]
[BlackTeamCountry "DEN"]
[WhiteFideId "1400568"]
[BlackFideId "1401505"]

1. e4 c6 2. d4 d5 3. exd5 cxd5 4. c4 Nf6 5. Nc3 e6 6. cxd5 Nxd5 7. Nf3 Be7 8. Bd3 Nc6 9. O-O O-O 10. Re1 Bf6 11. Be4 Nce7 12. Ne5 Bd7 13. Qd3 g6 14. Bh6 Bg7 15. Bxg7 Kxg7 16. Bxd5 exd5 17. Rac1 a6 18. Qf3 Be6 19. Qf4 Nf5 20. Nf3 h6 21. h4 Qf6 22. Na4 Bd7 23. Nc5 Bc8 24. Re5 Qd8 25. Rce1 b6 26. Nd3 f6 27. R5e2 g5 28. hxg5 hxg5 29. Qd2 Ra7 30. Nb4 Rc7 31. Qd3 a5 32. Nc2 Qd6 33. Ne3 Nxe3 34. Rxe3 Bg4 35. Nh2 Bc8 36. Nf1 Rh8 37. Ng3 Rf7 38. Re8 Rxe8 39. Rxe8 Bg4 40. Qe3 Rc7 41. a3 Kf7 42. Rh8 Re7 43. Qd3 Ke6 44. Kh2 Kd7 45. f3 Be6 46. Qb5+ Qc6 47. Qxc6+ Kxc6 48. Rh6 Kb5 49. Rxf6 Kc4 50. Rg6 Kxd4 51. Rxg5 Kd3 52. Kg1 Kc2 53. Re5 Re8 54. Re2+ Kd3 55. Kf2 Bf7 56. Rxe8 Bxe8 57. f4 d4 58. Nf5 Bd7 59. Nd6 Kc2 60. Ke1 b5 61. b4 d3 62. Ne4 Bc6 63. Nd2 axb4 64. axb4 Bxg2 65. f5 Bd5 66. f6 Kc3 67. Nb1+ Kxb4 68. Kd2 Bc4 69. Nc3 Kc5 70. Ne4+ Kd4 71. Nd6 Ke5 72. Nxc4+ Kxf6  1/2-1/2

[Event "Skakligaen"]
[Site "Danmark"]
[Date "2018.10.28"]
[Round "2.6"]
[White "Schmidt, Kristen"]
[Black "Christensen, Tobias"]
[Result "1/2-1/2"]
[WhiteElo "2225"]
[BlackElo "2351"]
[EventDate "2018.10.27"]
[EventType "team-tourn"]
[EventRounds "9"]
[EventCountry "Danmark"]
[WhiteTeam "Nordkalotten"]
[BlackTeam "Aarhus/Skolerne"]
[WhiteTeamCountry "DEN"]
[BlackTeamCountry "DEN"]
[WhiteFideId "1400436"]
[BlackFideId "1400673"]

1. e4 e6 2. d4 d5 3. Nc3 Bb4 4. e5 c5 5. Bd2 Ne7 6. f4 Nf5 7. Nf3 Nc6 8. dxc5 Bxc5 9. Bd3 a6 10. Qe2 Nfd4 11. Nxd4 Nxd4 12. Qg4 g6 13. O-O-O Bd7 14. Rhf1 Qc7 15. Qh4 Qd8 16. Qh3 Qc7 17. Qh4 Qd8 18. Qh3 Qc7  1/2-1/2

[Event "Skakligaen"]
[Site "Danmark"]
[Date "2018.10.28"]
[Round "2.7"]
[White "Ochsner, Thomas"]
[Black "Nielsen, Lars Aaes"]
[Result "0-1"]
[WhiteElo "2261"]
[BlackElo "2229"]
[EventDate "2018.10.27"]
[EventType "team-tourn"]
[EventRounds "9"]
[EventCountry "Danmark"]
[WhiteTeam "Aarhus/Skolerne"]
[BlackTeam "Nordkalotten"]
[WhiteTeamCountry "DEN"]
[BlackTeamCountry "DEN"]
[WhiteFideId "1400711"]
[BlackFideId "1401726"]

1. e4 e6 2. d4 d5 3. Nd2 Nc6 4. Ngf3 Nf6 5. e5 Nd7 6. Bb5 a6 7. Bxc6 bxc6 8. Nb3 c5 9. Bg5 Be7 10. Na5 Nb8 11. h4 c4 12. Qd2 f6 13. exf6 gxf6 14. Bf4 Qd7 15. b4 Nc6 16. Nxc6 Qxc6 17. c3 Bd7 18. Bh6 Rg8 19. Qc2 Rg6 20. Bf4 Bd6 21. Bxd6 Qxd6 22. g3 O-O-O 23. h5 Rg7 24. Qd2 e5 25. Qh6 Re7 26. O-O e4 27. Nh4 e3 28. Rfe1 e2 29. Ng2 Bg4 30. Ne3 Rg8 31. Kg2 Qe6 32. Nxg4 Rxg4 33. a4 Reg7 34. Ra2 Qe4+ 35. Kh2 Rh4+  0-1

[Event "Skakligaen"]
[Site "Danmark"]
[Date "2018.10.28"]
[Round "2.8"]
[White "Ejsing, Esben"]
[Black "Sobjerg, Erik"]
[Result "0-1"]
[WhiteElo "2149"]
[BlackElo "2266"]
[EventDate "2018.10.27"]
[EventType "team-tourn"]
[EventRounds "9"]
[EventCountry "Danmark"]
[WhiteTeam "Nordkalotten"]
[BlackTeam "Aarhus/Skolerne"]
[WhiteTeamCountry "DEN"]
[BlackTeamCountry "DEN"]
[WhiteFideId "1418572"]
[BlackFideId "1401866"]

1. Nf3 Nc6 2. c4 e5 3. d3 Nf6 4. Nc3 Bb4 5. Bd2 O-O 6. a3 Bxc3 7. Bxc3 Re8 8. e4 d6 9. h3 Ne7 10. g3 Ng6 11. Bg2 c5 12. Bd2 Bd7 13. O-O Rf8 14. h4 Bg4 15. Qe1 Qd7 16. Nh2 Bh3 17. f4 exf4 18. gxf4 Bxg2 19. Kxg2 Ng4 20. h5 Nxh2 21. Kxh2 Ne7 22. f5 f6 23. Qh4 Nc6 24. Rf2 Ne5 25. Qg3 b5 26. Rg1 bxc4 27. dxc4 Kh8 28. Bc3 Qf7 29. Qh4 Qxc4 30. h6 gxh6 31. Bxe5 dxe5 32. Rd1 Rf7 33. Rg2 Raf8 34. Rd6 Qc1 35. Qh5 Qf4+ 36. Kg1 Qc1+ 37. Kh2 Qf4+ 38. Kg1 Qxe4 39. Qxf7 Qxg2+ 40. Kxg2 Rxf7 41. Kf3 h5 42. Rc6 Kg7 43. Rxc5 Kh6 44. Rc2 Rd7 45. a4 Rd3+ 46. Ke2 Rd4 47. b3 Kg5 48. Rc7 Rb4 49. Rxa7 Rxb3 50. Rxh7 Ra3  0-1

[Event "Skakligaen"]
[Site "Danmark"]
[Date "2018.10.28"]
[Round "2.1"]
[White "Andersen, Mads"]
[Black "Rodgaard, John"]
[Result "1-0"]
[WhiteElo "2599"]
[BlackElo "2281"]
[EventDate "2018.10.27"]
[EventType "team-tourn"]
[EventRounds "9"]
[EventCountry "Danmark"]
[WhiteTeam "Skanderborg"]
[BlackTeam "Evans"]
[WhiteTeamCountry "DEN"]
[BlackTeamCountry "DEN"]
[WhiteFideId "1413864"]
[BlackFideId "7200013"]

1. Nf3 d5 2. g3 Nf6 3. Bg2 c6 4. c4 dxc4 5. O-O Nbd7 6. Na3 Nb6 7. Ne5 Qd4 8. Nexc4 Nxc4 9. Qa4 Nd5 10. Qxc4 Qxc4 11. Nxc4 g6 12. Rb1 Be6 13. d3 Bg7 14. Na5 O-O-O 15. Bd2 Nc7 16. a4 Ba2 17. Rbc1 Bd5 18. b4 Bxg2 19. Kxg2 Kb8 20. Rc4 Nd5 21. Rc2 Nb6 22. Ra2 Rd5 23. Rc1 Rhd8 24. Bf4+ Be5 25. Be3 Bd4 26. Bd2 Bg7 27. h4 h5 28. Bf4+ Be5 29. Be3 Bd4 30. Bg5 f6 31. Bd2 Be5 32. Nb3 Nd7 33. Be3 Bc7 34. Bd2 e5 35. Bc3 Nf8 36. Nc5 Bb6 37. Ne4 Nd7 38. a5 Bd4 39. a6 f5 40. Nd2 Bxc3 41. Rxc3 Rb5 42. axb7 Rxb4 43. Rxc6 Rb6 44. Rc8+ Rxc8 45. bxc8=Q+ Kxc8 46. Nc4 Rb4 47. Rxa7 e4 48. Ra6 exd3 49. exd3 Kc7 50. Rxg6 Rb3 51. d4 Rb4 52. Ne5 Rxd4 53. Rg7 Rd5 54. Nxd7 Rxd7 55. Rxd7+ Kxd7 56. Kf3 Ke6 57. Kf4 Kf6 58. f3  1-0

[Event "Skakligaen"]
[Site "Danmark"]
[Date "2018.10.28"]
[Round "2.2"]
[White "Kristensen, Leif Sogaard"]
[Black "Ochsner, Bjorn Moller"]
[Result "1/2-1/2"]
[WhiteElo "2309"]
[BlackElo "2483"]
[EventDate "2018.10.27"]
[EventType "team-tourn"]
[EventRounds "9"]
[EventCountry "Danmark"]
[WhiteTeam "Evans"]
[BlackTeam "Skanderborg"]
[WhiteTeamCountry "DEN"]
[BlackTeamCountry "DEN"]
[WhiteFideId "1406809"]
[BlackFideId "1416928"]

1. c4 e5 2. Nc3 Bb4 3. g3 Bxc3 4. bxc3 d6 5. Bg2 Ne7 6. d3 Nbc6 7. Rb1 O-O 8. Nf3 Rb8 9. O-O f6 10. Nd2 Be6 11. e3 Qd7 12. Re1 Rfd8 13. Qc2 a6 14. a4 Na5 15. Ba3 b6 16. Bb4 Nb7 17. d4 c5 18. Ba3 Na5 19. d5 Bf7 20. Bc1 Rf8 21. Ra1 g5 22. e4 Ng6 23. Qd3 Be8 24. Nf1 Qc8 25. Ne3 Ne7 26. Qe2 Bd7 27. Bf3 Rb7 28. Ra3 Kg7 29. Bh5 h6 30. g4 Be8 31. Bxe8 Qxe8 32. Kg2 Rh8 33. h4  1/2-1/2

[Event "Skakligaen"]
[Site "Danmark"]
[Date "2018.10.28"]
[Round "2.3"]
[White "Pedersen, Nicolai Vesterbaek"]
[Black "Borovnica, Tihomir"]
[Result "1-0"]
[WhiteElo "2384"]
[BlackElo "2226"]
[EventDate "2018.10.27"]
[EventType "team-tourn"]
[EventRounds "9"]
[EventCountry "Danmark"]
[WhiteTeam "Skanderborg"]
[BlackTeam "Evans"]
[WhiteTeamCountry "DEN"]
[BlackTeamCountry "DEN"]
[WhiteFideId "1402340"]
[BlackFideId "1434888"]

1. d4 Nf6 2. c4 c5 3. d5 b5 4. Nf3 e6 5. dxe6 fxe6 6. cxb5 d5 7. g3 Be7 8. Bg2 O-O 9. O-O a6 10. bxa6 Rxa6 11. Nbd2 Nc6 12. e4 Rb6 13. Re1 c4 14. exd5 exd5 15. Nf1 Bb4 16. Bd2 Bc5 17. b3 Ne4 18. Be3 d4 19. Bf4 Rxf4 20. gxf4 Nxf2 21. Qc2 c3 22. Qxf2 Qf8 23. Ne5 Nxe5 24. Rxe5 Rf6 25. Kh1 Rxf4 26. Qe2 d3 27. Qxd3 Bd4 28. Re4 Rxe4 29. Qxe4  1-0

[Event "Skakligaen"]
[Site "Danmark"]
[Date "2018.10.28"]
[Round "2.4"]
[White "Kristensen, Bjarke Hautop"]
[Black "Hansen, Mads"]
[Result "0-1"]
[WhiteElo "2223"]
[BlackElo "2413"]
[EventDate "2018.10.27"]
[EventType "team-tourn"]
[EventRounds "9"]
[EventCountry "Danmark"]
[WhiteTeam "Evans"]
[BlackTeam "Skanderborg"]
[WhiteTeamCountry "DEN"]
[BlackTeamCountry "DEN"]
[WhiteFideId "1437747"]
[BlackFideId "1401610"]

1. Nf3 Nf6 2. c4 e6 3. Nc3 d5 4. e3 dxc4 5. Bxc4 a6 6. a4 c5 7. d4 Nc6 8. O-O Be7 9. Qe2 cxd4 10. exd4 O-O 11. Rd1 Nb4 12. Bg5 Nbd5 13. Ne5 h6 14. Bh4 Qa5 15. Qf3 Nxc3 16. bxc3 Nd5 17. Bxe7 Nxe7 18. Bb3 Qc7 19. Rac1 Bd7 20. c4 Rad8 21. Qe2 Qa5 22. d5 exd5 23. cxd5 Nf5 24. d6 Rde8 25. Nc4 Qb4 26. Qd3 Be6 27. Rc3 Rd8 28. Bc2 g6 29. Rb1 Bxc4 30. Qxc4 Qxc4 31. Rxc4 Nxd6 32. Rd4 Rfe8 33. g3 Kf8 34. Bd3 Nc8 35. Rxd8 Rxd8 36. Be4 b6 37. Bb7 a5 38. Bxc8 Rxc8 39. Rxb6 Rc4 40. Ra6 Rxa4 41. Kg2 h5 42. h4 Ra1 43. Kf3 Ke7 44. Kf4 Ra2 45. f3 a4 46. Ke5 Ra3 47. Ra7+ Kf8 48. Kf4 Ra1 49. Ra8+ Kg7 50. Ra7 a3 51. Ra6 f6 52. Ra8 a2 53. Ra7+ Kf8 54. Ra8+ Ke7 55. Ra7+ Kd6 56. Ra6+ Kc5 57. Ra5+ Kb4 58. Ra8 Kb3 59. Rb8+ Kc2 60. Rc8+ Kd2 61. Ra8 Ke2 62. Ra5 Kf2 63. Ra3 Kg2 64. Ra4 Kh3 65. Ra3 Rb1 66. Rxa2 Rb4+ 67. Ke3 Kxg3 68. Ra1 Kxh4 69. Rg1 g5  0-1

[Event "Skakligaen"]
[Site "Danmark"]
[Date "2018.10.28"]
[Round "2.5"]
[White "Boe, Mads"]
[Black "Skaanning Pedersen, Kim Henrik"]
[Result "1-0"]
[WhiteElo "2295"]
[BlackElo "2200"]
[EventDate "2018.10.27"]
[EventType "team-tourn"]
[EventRounds "9"]
[EventCountry "Danmark"]
[WhiteTeam "Skanderborg"]
[BlackTeam "Evans"]
[WhiteTeamCountry "DEN"]
[BlackTeamCountry "DEN"]
[WhiteFideId "1401408"]
[BlackFideId "1403699"]

1. e4 g6 2. d4 Bg7 3. Nc3 c6 4. Nf3 d6 5. a4 Nf6 6. h3 O-O 7. Be3 Nbd7 8. Qd2 Qc7 9. Be2 b6 10. O-O a6 11. Rfe1 Bb7 12. e5 Nd5 13. Nxd5 cxd5 14. exd6 Qxd6 15. Bf4 Qc6 16. Bd3 e6 17. Bh6 Qd6 18. Bf4 Qc6 19. Ra3 Rfc8 20. Qe2 Nf6 21. c3 Qe8 22. Raa1 Ra7 23. Be5 Bc6 24. a5 b5 25. Bf4 Qe7 26. Nd2 b4 27. Rec1 bxc3 28. Rxc3 Qb7 29. Rb3 Qa8 30. Nf3 Rb7 31. Rb6 Rxb6 32. axb6 Bb7 33. Rxa6 Bxa6 34. Bxa6 Re8 35. b7 Qa7 36. Qb5 Bf8 37. b8=Q Rxb8 38. Bxb8  1-0

[Event "Skakligaen"]
[Site "Danmark"]
[Date "2018.10.28"]
[Round "2.6"]
[White "Skjoldager, Per"]
[Black "Grove, Peter"]
[Result "1/2-1/2"]
[WhiteElo "2049"]
[BlackElo "2239"]
[EventDate "2018.10.27"]
[EventType "team-tourn"]
[EventRounds "9"]
[EventCountry "Danmark"]
[WhiteTeam "Evans"]
[BlackTeam "Skanderborg"]
[WhiteTeamCountry "DEN"]
[BlackTeamCountry "DEN"]
[WhiteFideId "1408828"]
[BlackFideId "1411101"]

1. e4 e5 2. Nf3 Nc6 3. Bc4 Nf6 4. d3 h6 5. c3 d6 6. Bb3 g5 7. h3 Bg7 8. Nbd2 Ne7 9. Nf1 O-O 10. g4 d5 11. Ng3 dxe4 12. dxe4 Qxd1+ 13. Bxd1 Ng6 14. Bc2 Re8 15. Be3 Bd7 16. O-O-O Bc6 17. Nd2 Nh4 18. Nf5 Nxf5 19. gxf5 Rad8 20. f3 Bb5 21. c4 Bc6  1/2-1/2

[Event "Skakligaen"]
[Site "Danmark"]
[Date "2018.10.28"]
[Round "2.7"]
[White "Brondt, Nicolai Kvist"]
[Black "Firooznia, Farzam"]
[Result "1/2-1/2"]
[WhiteElo "2298"]
[BlackElo "2104"]
[EventDate "2018.10.27"]
[EventType "team-tourn"]
[EventRounds "9"]
[EventCountry "Danmark"]
[WhiteTeam "Skanderborg"]
[BlackTeam "Evans"]
[WhiteTeamCountry "DEN"]
[BlackTeamCountry "DEN"]
[WhiteFideId "1413848"]
[BlackFideId "1439154"]

1. Nf3 f5 2. c4 Nf6 3. g3 g6 4. Bg2 Bg7 5. O-O O-O 6. d4 d6 7. Nc3 c6 8. Qc2 Qe8 9. d5 e5 10. dxe6 Bxe6 11. b3 Na6 12. Bb2 h6 13. Nd4 Nc5 14. Nxe6 Qxe6 15. Rad1 Nfe4 16. Nxe4 Nxe4 17. Bxg7 Kxg7 18. Rd4 Rae8 19. e3 Rf6 20. Rfd1 h5 21. h4 Qe5 22. f4 Qe7 23. Bxe4 c5 24. Rd5 Qxe4 25. Qxe4 Rxe4 26. Kf2 Ree6 27. a3 b6 28. a4 a5 29. Kf3 Kf7 30. Re1 Re4 31. Red1 Ke7 32. R5d3  1/2-1/2

[Event "Skakligaen"]
[Site "Danmark"]
[Date "2018.10.28"]
[Round "2.8"]
[White "Pedersen, Lars"]
[Black "Pedersen, Jan Rode"]
[Result "1/2-1/2"]
[WhiteElo "2093"]
[BlackElo "2161"]
[EventDate "2018.10.27"]
[EventType "team-tourn"]
[EventRounds "9"]
[EventCountry "Danmark"]
[WhiteTeam "Evans"]
[BlackTeam "Skanderborg"]
[WhiteTeamCountry "DEN"]
[BlackTeamCountry "DEN"]
[WhiteFideId "1410440"]
[BlackFideId "1405144"]

1. Nf3 Nf6 2. c4 e6 3. d4 b6 4. a3 Bb7 5. Nc3 d5 6. cxd5 Nxd5 7. e3 Bd6 8. Nb5 Be7 9. Bd3 a6 10. Nc3 O-O 11. e4 Nxc3 12. bxc3 Nd7 13. O-O b5 14. Qe2 Nb6 15. Ne5 c5 16. Be3 Rc8 17. Bc2 f6 18. Nf3 Nc4 19. Bc1 e5 20. Rd1 cxd4 21. cxd4 Qc7 22. Bb3 Kh8 23. dxe5 fxe5 24. a4 Qc6 25. axb5 axb5 26. Bxc4 bxc4 27. Rd5 Qb6 28. Be3 Bc5 29. Rxc5 Rxc5 30. Nxe5 Ra5 31. Rc1 Qe6 32. f4 Bxe4 33. Bd2 Bd3 34. Qe1 Ra2 35. Nxd3 Qxe1+ 36. Nxe1 Rxd2 37. Rxc4 h6 38. Nf3 Rb2 39. h3 Ra8 40. f5 Rb1+ 41. Kh2 Kg8 42. Rf4 Rb5 43. g4 Kf7 44. Rc4 Ra7 45. Kg3 Rab7 46. Rc2 Rb3 47. Rc4 Ke7 48. Re4+ Kd7 49. Rd4+ Kc6 50. Rc4+ Kd5 51. Rd4+ Kc5 52. Re4 Rd7 53. Re5+ Rd5 54. Re1 Rdd3 55. Rf1 Kd5 56. Kf4 Rb4+ 57. Kg3 Re3 58. Kh4 Ke4 59. Ng1 Rb6 60. Rf2 Rb1 61. Ne2 Rbb3 62. Rh2 Ke5 63. Nc1 Rb1 64. Rc2 Ra1 65. Re2 Raa3 66. Rh2 Ke4 67. Ne2 Ke5 68. Nc1 Rec3 69. Na2 Rcb3 70. Nc1 Rb1 71. Rc2  1/2-1/2

[Event "Skakligaen"]
[Site "Danmark"]
[Date "2018.11.18"]
[Round "3.1"]
[White "David, Alberto"]
[Black "Rostgaard, Tobias Valentin"]
[Result "1-0"]
[WhiteElo "2559"]
[BlackElo "2388"]
[EventDate "2018.10.27"]
[EventType "team-tourn"]
[EventRounds "9"]
[EventCountry "Danmark"]
[WhiteTeam "Koge"]
[BlackTeam "BMS"]
[WhiteTeamCountry "DEN"]
[BlackTeamCountry "DEN"]
[WhiteFideId "4000013"]
[BlackFideId "1408801"]

1. Nf3 Nf6 2. g3 g6 3. Bg2 Bg7 4. O-O O-O 5. d3 c5 6. e4 Nc6 7. c3 d6 8. Re1 Rb8 9. h3 b5 10. d4 Nd7 11. a3 e5 12. Be3 exd4 13. cxd4 Na5 14. Nc3 h6 15. Bf4 Nc4 16. dxc5 Nxc5 17. Qc2 g5 18. Bc1 Be6 19. Rb1 f5 20. b4 Nxe4 21. Nxe4 fxe4 22. Qxe4 Bf5 23. Qd5+ Kh8 24. Rb3 Qf6 25. Bd2 Nxd2 26. Qxd2 Rbc8 27. Rbe3 Rc2 28. Qd5 Bd7 29. Qb7 Bc6 30. Qxa7 Qb2 31. Rd3 Rc3 32. Qe3 Rxd3 33. Qxd3 Qf6 34. Re3 h5 35. Qe2 Kg8 36. h4 Qa1+ 37. Kh2 Bxf3 38. Rxf3 Rxf3 39. Bxf3 gxh4 40. Qe8+  1-0

[Event "Skakligaen"]
[Site "Danmark"]
[Date "2018.11.18"]
[Round "3.2"]
[White "Haubro, Martin"]
[Black "Chatalbashev, Boris"]
[Result "0-1"]
[WhiteElo "2358"]
[BlackElo "2525"]
[EventDate "2018.10.27"]
[EventType "team-tourn"]
[EventRounds "9"]
[EventCountry "Danmark"]
[WhiteTeam "BMS"]
[BlackTeam "Koge"]
[WhiteTeamCountry "DEN"]
[BlackTeamCountry "DEN"]
[WhiteFideId "1414291"]
[BlackFideId "2900440"]

1. e4 g6 2. d4 Bg7 3. Nc3 d6 4. Be3 a6 5. a4 Nf6 6. h3 O-O 7. g4 e5 8. d5 c6 9. Bg2 cxd5 10. Nxd5 Nxd5 11. Qxd5 Nc6 12. Ne2 Nd4 13. Bxd4 exd4 14. Nxd4 Qb6 15. Rd1 Qb4+ 16. Rd2 Qxb2 17. O-O Qb4 18. Rfd1 Qxa4 19. Qxd6 Qa5 20. Nb3 Qc3 21. f4 a5 22. e5 a4 23. Qc5 Qg3 24. Na5 Qxf4 25. Re2 Be6 26. Bxb7 Rad8 27. Rf1 Qg3+ 28. Rg2 Qxe5 29. Qxe5 Bxe5 30. Nc6 Bd4+ 31. Nxd4 Rxd4 32. Rg3 Rb8 33. Bg2 Rb2 34. Rc3 Ra2 35. Bc6 a3 36. Rc1 Rc4  0-1

[Event "Skakligaen"]
[Site "Danmark"]
[Date "2018.11.18"]
[Round "3.3"]
[White "Tikkanen, Hans"]
[Black "Jacobsen, Mikkel Manosri"]
[Result "1-0"]
[WhiteElo "2510"]
[BlackElo "2285"]
[EventDate "2018.10.27"]
[EventType "team-tourn"]
[EventRounds "9"]
[EventCountry "Danmark"]
[WhiteTeam "Koge"]
[BlackTeam "BMS"]
[WhiteTeamCountry "DEN"]
[BlackTeamCountry "DEN"]
[WhiteFideId "1706446"]
[BlackFideId "1444514"]

1. d4 Nf6 2. Nf3 e6 3. e3 c5 4. Bd3 b6 5. O-O Bb7 6. c4 d5 7. cxd5 exd5 8. Ne5 Nbd7 9. f4 Bd6 10. Nc3 a6 11. Qf3 Qc7 12. Bd2 h6 13. Be1 b5 14. Bh4 g5 15. fxg5 Bxe5 16. dxe5 d4 17. Ne4 Nxe4 18. Qxf7+ Kd8 19. g6+ Ng5 20. g7 Qxe5 21. gxh8=Q+ Qxh8 22. Bf5 Bc6 23. Bxd7 Bxd7 24. Qd5  1-0